| 000 | 00000nam##2200000za#4500 |
| 001 | 9.599671 |
| 003 | CaOODSP |
| 005 | 20240501092931 |
| 007 | cr ||||||||||| |
| 008 | 150406|2004||||xxc|||||o f|0| 0 fre|d |
| 040 | |aCaOODSP|bfre |
| 043 | |an-cn--- |
| 086 | 1 |aPS83-3/142F-PDF |
| 110 | 2 |aService correctionnel Canada. |
| 245 | 10|aLes besoins des délinquants inuits incarcérés dans les établissements correctionnels fédéraux / |h[ressource électronique]|c[par] Shelley Trevethan ... [et al]. |
| 260 | |bService correctionnel Canada |cJuin 2004. |
| 300 | |a147p.|bgraphiques, carte, références, tableaux |
| 490 | 1 |aRapport de recherche|vR-142 |
| 590 | |a10-14-Supp|b2010-12-03 |
| 720 | 1 |aTrevethan, Shelley |
| 720 | 1 |aMoore, John-Patrick |
| 720 | 1 |aNaqitarvik, Leesie |
| 720 | 1 |aWatson, Autumn |
| 720 | 1 |aSaunders, Daisy |
| 775 | 08|tThe needs of Inuit offenders in federal correctional facilities / |w(CaOODSP)9.568383 |
| 830 | #0|aRapport de recherche (Service correctionnel Canada. Direction de la recherche)|vR-142|w(CaOODSP)9.502465 |
| 856 | 40|ahttp://publications.gc.ca|qPDF|s494 Ko|uhttps://publications.gc.ca/collections/collection_2010/scc-csc/PS83-3-142-fra.pdf|yR-142 |